Andrei Tarkovsky Movies - Statistics

General Stats
  • This quiz has been taken 212 times
  • The average score is 6 of 7
Answer Stats
Year Answer % Correct
1979 Stalker
95%
1975 Mirror
94%
1972 Solaris
91%
1966 Andrei Rublev
85%
1962 Ivan's Childhood
77%
1983 Nostalghia
76%
1986 The Sacrifice
70%
No matching quizzes found
Score Distribution
Percent of People with Each Score
Percentile by Number Answered
Your Score History
You have not taken this quiz